Piramides de Palavras 2 - Statistics

Estatísticas Gerais
  • Esse quiz foi jogado 186 vezes
  • A pontuação média é 11 de 27
Estatísticas das Respostas
Hint Letter Resposta % Correto
1000 em numeração romana - M
89%
Símbolo químico do fósforo - P
88%
Símbolo da unidade de medida de força - N
82%
Ante-meridium (abv.) A AM
75%
Contração da preposição 'em' com o artigo ou pronome 'a' A NA
74%
Taxa Anual Nominal (abv.) T TAN
66%
Mulher que cria uma criança A AMA
65%
Conjunto de partículas suspensas no ar O PO
64%
Orçamento Participativo das Escolas (abv.) E OPE
59%
Feiticeira G MAGA
56%
Base de uma montanha S SOPE
55%
Relva R GRAMA
50%
Posições imóveis que servem de modelo a um artista para fotografias S POSES
50%
Prefixo que exprime a noção de oposição I ANTI
48%
Criatura humana A PESSOA
36%
Grupo regional com cultura e estrutura económica e social comuns E ETNIA
34%
Defronte, perante de D DIANTE
30%
Arrastam e/ou limpam o fundo de águas navegáveis. D DRAGAM
24%
3ª pessoa do plural do pretérito imperfeito do indicativo do verbo 'agredir' I AGRIDAM
17%
Única, original, sem precedentes I INEDITA
10%
Utensílios de lavagem usados no banho e na cozinha J ESPONJAS
7%
Habitantes do Japão E JAPONESES
7%
Tarefas difíceis de suportar N PENOSAS
7%
Representação de um objeto por linhas de contorno, esboço A DIAGRAMA
5%
Nome feminino ou flor R MARGARIDA
4%
Comentário com intenção disfarçadamente repreensiva ou ofensiva R INDIRETA
3%
Maior ilha do país cuja capital é Porto de Espanha D TRINIDADE
2%
Nenhum quiz correspondente encontrado
Distribuição das Pontuações
Porcentagem de Pessoas com Cada Pontuação
Percentil de Números Respondidos
Sua Pontuação Histórica
Você não jogou esse quiz